Quiz o Łomiankach - Statystyki

Ogólne statystyki
  • Ten quiz został rozwiązany 35 razy
  • Średni wynik to 7 z 12
Statystyki odpowiedzi
Hint Odpowiedź % Poprawnych
Województwo Mazowieckie
100%
Główna ulica Warszawska
95%
Powiat Warszawski zachodni
81%
Tablice rejestracyjne WZ
71%
Największa wieś w gminie Łomianki Łomianki dolne
57%
Kiedy dostały prawa miejskie 1989
48%
Największy kościół Świętej Małgorzaty
48%
Burmistrz Tomasz Dąbrowski
48%
Międzynarodowa droga E77
43%
Przewoźnik wtp KOMUNIKACJA MIEJSKA ŁOMIANKI
38%
Główna część Buraków
29%
Znany YouTuber mieszkający Farell/dżejdżejka
24%
Nie znaleziono quizów pasujących do podanych kryteriów
Rozkład punktacji
Procent ludzi z każdym wynikiem
Percentyl według liczby udzielonych odpowiedzi
Twoja historia wyników
Nie rozwiązałeś tego quizu